La France d'Outre-mer - Statistiques

Statistiques générales
  • Ce quiz a été pris 98 fois
  • Le résultat moyen est 9 sur 13
Statistiques - réponses
Statut Réponse % Correct
Département et région d'outre-mer Martinique
98%
Département et région d'outre-mer Guadeloupe
95%
Département et région d'outre-mer Guyane
94%
Département et région d'outre-mer Réunion
94%
Département et région d'outre-mer Mayotte
87%
Collectivité d'outre-mer Saint-Pierre-et-Miquelon
83%
Collectivité d'outre-mer Polynésie Française
80%
Collectivité sui generis Nouvelle-Calédonie
77%
Collectivité d'outre-mer Wallis-et-Futuna
57%
Collectivité d'outre-mer Saint-Martin
52%
Collectivité d'outre-mer Saint-Barthélemy
50%
Territoire d'outre-mer Terres australes et antarctiques françaises
40%
Sous l'autorité directe du gouvernement Clipperton
30%
Aucun quiz correspondant
Distribution des résultats
% des personnes avec chaque résultat
Percentile par nombre de réponses
Votre historique - résultats
Vous n’avez pas pris ce quiz